[Event "Blechzin Memorial 2021"]
[Site "St. Petersburg"]
[Date "2021.04.14"]
[Round "5.3"]
[White "Lintchevski, Daniil"]
[Black "Romanov, Evgeny"]
[Result "0-1"]
[WhiteElo "2555"]
[BlackElo "2599"]
[Annotator "TA"]
[PlyCount "74"]
[EventDate "2021.04.14"]
[EventType "tourn"]
[EventCountry "RUS"]
[SourceTitle "playchess.com"]
[Source "ChessBase"]
[SourceQuality "1"]

{[%evp 10,74,11,14,12,7,13,8,5,1,16,18,5,0,37,24,45,0,0,-66,-60,-100,-104,-244,-239,-242,-254,-275,-122,-125,-129,-125,-125,-126,-132,-131,-131,-125,-125,-125,-125,-132,-125,-201,-193,-171,-178,-157,-156,-233,-210,-212,-170,-231,-236,-236,-236,-241,-212,-1041,-870,-1049,-825,-1122,-1079,-1269,-1269]} 1. e4 e5 2. Nf3 Nc6 3. d4 exd4 4. Nxd4 Bc5 5. Nxc6 bxc6 6. Bd3 Qh4 {[%csl Gc5][%cal Rh4f2] C45: Scotch Game.} 7. Qe2 Nf6 8. Be3 Bb6 {The position is equal.} 9. Nd2 O-O 10. h3 Re8 11. O-O-O {[#]} Qh5 $146 ({Predecessor:} 11... Rb8 12. Nf3 Qh5 13. e5 Bxe3+ 14. Qxe3 Nd5 15. Qd2 d6 16. g4 Qh6 17. Qxh6 gxh6 18. exd6 cxd6 {½-½ (32) Van der Wiel,J (2501)-Motwani,P (2507) Netherlands 2002}) 12. g4 Qa5 13. g5 Bxe3 14. fxe3 (14. Qxe3 $11 Nd5 {[%mdl 64] Pin} 15. Qf3) 14... Qxg5 $15 15. Nf3 Qh6 16. h4 (16. e5 $17 {was worth a try.} Nd5 17. Rde1) 16... d5 $1 $19 (16... Nxe4 17. Ng5 $17) 17. e5 {[#]} Bg4 $1 18. exf6 {Hoping for Rhg1.} (18. Qf2 Bxf3) 18... Bxf3 (18... Rxe3 $19 {has better winning chances.} 19. Qd2 (19. Bxh7+ $2 Kh8 $19) 19... Bxf3) 19. Qxf3 {Black must now prevent Rh3.} Rxe3 20. Bxh7+ Kxh7 21. Qf5+ {[#]} g6 $1 {[%cal Rg6f5]} 22. Qg5 Re5 23. Qxh6+ Kxh6 $17 {[%mdl 4096] Endgame KRR-KRR} 24. Rd4 c5 25. Ra4 a5 26. a3 (26. Rf1 $17) 26... c4 $19 27. b4 cxb3 28. cxb3 c5 29. Rh2 (29. Rf1 $17) 29... Kh5 30. Rc2 d4 31. b4 (31. Kd2 $142) 31... cxb4 ({Weaker is} 31... Kxh4 32. bxc5 Rd5 33. Kd2 $15) 32. axb4 {[#]} Rb5 $1 ({Less strong is} 32... Kxh4 33. Rc7 $15) 33. Rc7 Rxb4 34. Rxb4 (34. Ra2) 34... axb4 {Black is clearly winning.} 35. Rxf7 Kxh4 36. Kd2 Kg5 37. Kd3 Rb8 {Weighted Error Value: White=0.68/Black=0.09} 0-1

[Event "Blechzin Memorial 2021"]
[Site "St. Petersburg"]
[Date "2021.04.14"]
[Round "5.4"]
[White "Levin, Evgeny A."]
[Black "Khalifman, Alexander"]
[Result "1-0"]
[WhiteElo "2502"]
[BlackElo "2608"]
[Annotator "TA"]
[PlyCount "125"]
[EventDate "2021.04.14"]
[EventType "tourn"]
[EventCountry "RUS"]
[SourceTitle "playchess.com"]
[Source "ChessBase"]
[SourceQuality "1"]

{[%evp 20,125,31,23,79,89,77,83,145,143,145,151,158,144,146,134,128,88,94,104,99,109,107,101,108,104,113,122,117,97,99,99,150,161,155,156,160,159,148,134,162,154,167,156,171,151,172,174,183,183,196,196,196,196,196,196,196,196,196,196,220,196,319,316,277,196,179,173,423,364,430,420,420,419,525,507,479,468,640,637,658,656,644,635,608,554,956,912,829,813,1636,1497,29980,29981,29981,29982,29982,29966,29970,29971,29976,29977,29977,29972,29976,29977,29981,29982]} 1. d4 Nf6 2. c4 e6 3. Nc3 Bb4 4. e3 c5 5. Nf3 O-O 6. Bd2 d5 7. a3 Bxc3 8. Bxc3 Ne4 9. Rc1 Nxc3 10. Rxc3 cxd4 11. Nxd4 b6 {E51: Nimzo-Indian: Rubinstein: 4...0-0 5 Nf3 d5.} (11... e5 $11 {keeps the balance.} 12. Nb3 Be6) 12. cxd5 $16 Qxd5 13. Be2 {[#] Hoping for Bf3.} e5 $146 ({Better is} 13... Bb7) ({Predecessor:} 13... Bb7 14. Bf3 Qd7 15. O-O e5 16. Nf5 Qxd1 17. Rxd1 Bxf3 18. Ne7+ Kh8 19. gxf3 Na6 {1-0 (28) Artemiev,V (2716)-Abrahamyan,T (2358) chess.com INT 2020}) 14. Nb5 Qxd1+ 15. Bxd1 {Strongly threatening Bf3.} a5 16. Bf3 Ra6 17. O-O Bd7 18. Nc7 Ra7 19. Nd5 b5 20. Rfc1 Rd8 21. Nb6 Be6 22. Rc5 b4 23. Rxe5 Nd7 {[#]} 24. Rd1 $1 Kf8 (24... g6 25. h3) 25. Rb5 Ke7 ({Black should try} 25... Ke8) 26. Nd5+ ({Don't take} 26. axb4 $6 Nxb6 27. Rxd8 (27. Rxb6 axb4 28. Rxd8 Kxd8 $16) (27. bxa5 Rxd1+ 28. Bxd1 Nc4 $17) 27... Kxd8 $16) 26... Bxd5 27. Rdxd5 bxa3 28. bxa3 Rc8 29. h3 Rc3 30. a4 Rc4 31. Rd4 Rxd4 32. exd4 {[%mdl 4096] Endgame KRB-KRN} Nf6 33. Kf1 Ne8 34. Ke2 Nd6 35. Rc5 Kd7 36. Kd3 Ra6 37. Bd5 h6 38. f4 Ra7 39. Bc6+ Ke7 40. g4 Ra6 (40... Kd8 $142 41. Bd5 g6) 41. d5 $18 Kd8 42. Bb5 Ra7 43. Kd4 Re7 $2 (43... Rb7 {was worth a try.} 44. h4 f6) 44. Bd3 Nb7 45. Rc6 Re1 46. Ba6 Rb1 47. Bxb7 Rxb7 {KR-KR} 48. Ra6 Rb4+ 49. Ke5 Rxa4 50. Kd6 {[%cal Ra6a8]} Kc8 51. f5 Kb7 52. Rc6 h5 53. Rc7+ Kb6 54. g5 f6 55. g6 Rf4 56. Rxg7 {White mates.} Rxf5 57. Rg8 Kb7 58. Ke6 Re5+ 59. Kxf6 Rxd5 60. Re8 Rd6+ 61. Kg5 Rd3 62. h4 Rg3+ 63. Kh6 {Weighted Error Value: White=0.06/Black=0.36} 1-0

[Event "Blechzin Memorial 2021"]
[Site "St. Petersburg"]
[Date "2021.04.14"]
[Round "5.5"]
[White "Yevseev, Denis"]
[Black "Gorovykh, Eduard"]
[Result "1/2-1/2"]
[WhiteElo "2474"]
[BlackElo "2488"]
[Annotator "TA"]
[PlyCount "40"]
[EventDate "2021.04.14"]
[EventType "tourn"]
[EventCountry "RUS"]
[SourceTitle "playchess.com"]
[Source "ChessBase"]
[SourceQuality "1"]

{[%evp 19,40,78,91,74,92,82,97,99,95,96,95,92,118,41,31,0,0,-10,93,0,16,-3,0]} 1. Nf3 Nf6 2. c4 g6 3. Nc3 Bg7 4. e4 d6 5. d4 O-O 6. Be2 e5 7. Be3 c6 8. O-O Nbd7 9. d5 c5 10. Ne1 a6 11. a3 {E94: King's Indian: Classical: 6 Be2 e5 7 0-0: Various Black 7th moves.} Rb8 {[#]} 12. Qc2 $146 ({Predecessor:} 12. b4 b6 13. Rb1 Qc7 14. Qd2 Re8 15. Nd3 Nf8 16. f3 Bd7 17. Rb2 Rec8 18. Rfb1 Be8 {1-0 (48) Tratar,M (2290)-Kocevar,M Ljubljana 1993}) 12... Nh5 13. Bxh5 {White is better.} gxh5 14. b4 b5 15. cxb5 axb5 16. Nd3 (16. Nf3 $16) 16... f5 $1 $14 17. exf5 {[%cal Rb4c5]} c4 $36 {[%mdl 2048] Black has some pressure.} 18. Nb2 Nb6 (18... e4 $1 $11 {remains equal.}) 19. a4 (19. Nxb5 $16 {With the idea f6.} Bxf5 20. Qd2) 19... Bxf5 $11 20. Qe2 bxa4 {Weighted Error Value: White=0.29/Black=0.25} 1/2-1/2

[Event "Blechzin Memorial 2021"]
[Site "St. Petersburg"]
[Date "2021.04.14"]
[Round "6.1"]
[White "Khairullin, Ildar"]
[Black "Gorovykh, Eduard"]
[Result "1-0"]
[WhiteElo "2615"]
[BlackElo "2488"]
[Annotator "TA"]
[PlyCount "109"]
[EventDate "2021.04.14"]
[EventType "tourn"]
[EventCountry "RUS"]
[SourceTitle "playchess.com"]
[Source "ChessBase"]
[SourceQuality "1"]

{[%evp 13,109,44,75,68,116,112,96,118,129,129,156,103,147,150,315,129,141,142,155,94,112,102,114,89,116,72,70,66,121,120,119,72,124,82,143,120,129,122,153,145,223,193,309,233,336,131,222,0,320,143,1141,1141,1120,1139,1126,1098,983,383,381,368,369,369,359,286,293,289,318,318,319,313,318,286,392,376,364,316,481,459,523,508,625,615,723,697,853,852,836,827,948,897,1035,1058,1246,1216,1412,1308,2995,2877]} 1. e4 e6 2. d4 d5 3. Nd2 Nc6 4. Ngf3 Nf6 5. e5 Nd7 6. Nb3 f6 7. Bb5 Be7 {[%cal Rf6e5]} 8. exf6 {C04: French Tarrasch: 3...Nc6.} Bxf6 9. O-O O-O 10. Re1 {White is better.} Re8 11. Bf4 Ncb8 12. Ne5 (12. Re3 $142) 12... c6 13. Bd3 {[#]} Nxe5 $146 (13... g6 $16 14. Ng4 Qe7) ({Predecessor:} 13... Nf8 14. Qh5 Qe7 15. Re3 Bxe5 16. Bxe5 Nbd7 17. Bd6 Nf6 18. Bxe7 Nxh5 19. Bd6 Nf6 {1-0 (34) Grigoriants,S (2515)-Ubushiev,A Kazan 2001}) 14. Bxe5 (14. dxe5 $18 Bg5 {[#]} 15. Qh5 $1 Bxf4 16. Bxh7+ Kf8 17. Bg6) 14... Bxe5 15. Rxe5 {Black must now prevent Qh5.} Nd7 16. Re3 (16. Qh5 $142 Nf6 17. Qh4) 16... b6 17. Qh5 Nf6 18. Qh4 Qe7 19. Rh3 {[%cal Rd3h7]} g6 20. Re1 Bd7 ({Better is} 20... Nh5 $14) 21. Rg3 $16 Qg7 22. c3 Rac8 (22... Rf8 $142) 23. Nd2 Rf8 (23... Nh5 $142) 24. Re5 c5 25. Nf3 cxd4 26. Qxd4 Kh8 (26... Ne4 $16) 27. Qe3 $18 Rce8 (27... Ba4 $142 28. Rxe6 Rce8 29. Rxe8 Bxe8) 28. h4 Qe7 (28... d4 {was necessary.} 29. Nxd4 Nd5) 29. Qh6 $2 (29. Reg5 $18 {has better winning chances.}) 29... Ng8 (29... Qg7 $16 {was worth a try.} 30. Qe3 (30. Rxg6 Qxh6 31. Rxh6 Kg7 $11) 30... Qe7) 30. Qe3 (30. Qd2 $142) 30... Nf6 31. Ng5 (31. Reg5 $18 {is more deadly.}) 31... Nh5 $2 {[%mdl 8192] [#]} (31... Qc5 $16) 32. Nxh7 $1 {[%mdl 512] White threatens Rxh5 and mate.} Nxg3 33. Nxf8 Rxf8 34. Qh6+ Kg8 35. Qxg6+ $2 (35. Rg5 Nf5 36. Bxf5 {[%mdl 64] Pin} Qxg5 37. hxg5 Rxf5 38. Qxg6+ Kf8 39. Qh6+ Ke7 40. Qh7+ Kd6 41. g6) 35... Qg7 36. Qxg7+ ({Much less strong is} 36. Qxg3 Qxg3 37. fxg3 Kf7 $18) (36. fxg3 Qxg6 37. Bxg6 Kg7 $18) 36... Kxg7 37. Rg5+ ({Less strong is} 37. fxg3 Kf6 $18) 37... Kf6 38. Rxg3 {[%mdl 4096] Endgame KRB-KRB} ({Weaker is} 38. fxg3 Rh8 $18) 38... Rh8 39. Rf3+ Ke7 40. g3 e5 41. Re3 Kd6 42. Bg6 d4 43. Rd3 Kd5 44. Rd2 Rc8 (44... Bg4 $142 45. cxd4 exd4) 45. Kg2 {White is clearly winning.} Be6 46. f3 Rg8 47. h5 b5 48. g4 b4 49. cxd4 exd4 50. Kg3 a5 51. b3 Rd8 52. h6 Ke5 53. g5 Rg8 54. f4+ Kd5 55. Bd3 {Weighted Error Value: White=0.43/Black=0.44} 1-0

[Event "Blechzin Memorial 2021"]
[Site "St. Petersburg"]
[Date "2021.04.14"]
[Round "6.3"]
[White "Romanov, Evgeny"]
[Black "Levin, Evgeny A."]
[Result "1-0"]
[WhiteElo "2599"]
[BlackElo "2502"]
[Annotator "TA"]
[PlyCount "49"]
[EventDate "2021.04.14"]
[EventType "tourn"]
[EventCountry "RUS"]
[SourceTitle "playchess.com"]
[Source "ChessBase"]
[SourceQuality "1"]

{[%evp 16,49,0,-4,0,0,-9,-4,-10,-24,-31,-69,-52,-61,263,235,514,514,524,514,1110,1124,1235,1218,1158,612,617,616,612,607,566,559,541,544,544,543]} 1. Nf3 Nf6 2. b3 b6 3. Bb2 e6 4. e3 Bb7 5. d4 d5 6. Bd3 Bd6 7. O-O O-O 8. Ne5 c5 9. Nd2 Nc6 {[%cal Bb8c6,Bc6e7,Be7f5][%mdl 32] D05: Colle System with ...e6.} 10. f4 Rc8 11. a3 Ne7 {The position is equal.} 12. Qf3 $1 {The main line 12.Qf3 scores better than 12.Qe2.} Nf5 13. Qh3 $5 {[%mdl 4] [#] An interesting side line.} Ne4 $146 ({Predecessor:} 13... cxd4 14. exd4 Ne4 15. Rad1 f6 16. Ng4 Qc7 17. Qf3 Nc3 18. Bxc3 Qxc3 19. Bxf5 exf5 {0-1 (37) Hoang,T (2423)-Medvegy,Z (2543) Ajka 2018}) 14. Rad1 f6 $2 {[%mdl 8192] [#] Loses the game.} (14... cxd4 $15 {stays ahead.} 15. exd4 b5) 15. Nxe4 $18 Bxe5 $2 (15... Be7 16. Ng3 fxe5) 16. dxe5 {White is clearly winning.} c4 17. exf6 dxe4 (17... gxf6 $142 18. Qg4+ Ng7 19. Nxf6+ {[%mdl 64] Discovered Attack} Rxf6 20. bxc4 Qe7 21. cxd5 exd5) 18. Bxc4 {[%mdl 64] [#] Discovered Attack} Qe8 19. Qxf5 Rxc4 20. Qg4 {[%csl Gb2,Gf6][%cal Rg4g7]} Rc7 21. Be5 Rd7 22. Rxd7 Qxd7 23. Rd1 Qf7 24. Qxg7+ Qxg7 25. fxg7 {Weighted Error Value: White=0.28/Black=0.70} 1-0

[Event "Blechzin Memorial 2021"]
[Site "St. Petersburg"]
[Date "2021.04.14"]
[Round "6.4"]
[White "Shimanov, Aleksandr"]
[Black "Lintchevski, Daniil"]
[Result "1/2-1/2"]
[WhiteElo "2597"]
[BlackElo "2555"]
[Annotator "TA"]
[PlyCount "179"]
[EventDate "2021.04.14"]
[EventType "tourn"]
[EventCountry "RUS"]
[SourceTitle "playchess.com"]
[Source "ChessBase"]
[SourceQuality "1"]

{[%evp 17,178,-4,-2,-9,0,-5,0,-4,-5,-21,-6,-21,-20,-24,-10,-12,-8,-7,0,0,0,-9,8,20,42,-10,-11,-7,7,9,15,13,17,-25,9,9,9,0,0,0,5,8,10,0,0,0,0,0,12,0,0,0,9,14,8,0,0,0,68,28,34,63,79,79,79,79,75,77,82,82,73,51,51,51,51,39,52,8,8,8,8,8,8,8,8,0,8,8,8,8,8,8,8,8,8,0,8,8,8,8,8,8,8,8,8,8,12,1,12,12,12,0,0,0,0,0,0,0,0,0,0,0,0,0,0,0,0,0,0,0,0,0,0,0,0,0,0,0,0,0,0,0,0,0,0,0,0,0,0,0,0,0,0,0,0,0,0,0,0,0,0,0,0]} 1. e4 c5 2. Nf3 Nf6 3. d3 Nc6 4. g3 g6 5. Bg2 Bg7 6. O-O O-O 7. Nc3 d6 8. Nh4 Nd4 9. f4 Rb8 10. a4 {B25: Closed Sicilian: 3 g3, lines without early Be3.} a6 11. f5 b5 12. axb5 axb5 {[#]} 13. Kh1 $146 ({Predecessor:} 13. fxg6 fxg6 14. Bg5 Bg4 15. Qd2 b4 16. Nd1 Nh5 17. Rxf8+ Qxf8 18. Ra7 Ne2+ 19. Kh1 Nhxg3+ 20. hxg3 Nxg3+ {0-1 (26) Danielsen,H (2488)-Jones,G (2645) Reykjavik 2016}) 13... Bb7 14. g4 Nd7 15. g5 Ne5 16. Ne2 d5 17. Nxd4 cxd4 18. Qe2 dxe4 19. Bxe4 Qb6 20. Bf4 {Black must now prevent Bxb7.} Rbc8 21. Bxe5 (21. Bg3 $14) 21... Bxe5 $11 22. Rf2 e6 23. fxe6 Bxe4+ 24. Qxe4 Qxe6 25. Re1 Bg7 (25... Qd7 {with more complications.} 26. Nf3 Bg7 27. Qe7 Qd5 28. Kg2 Qa8) 26. Qxe6 fxe6 27. Ree2 Rxf2 28. Rxf2 {[%mdl 4096] Endgame KRB-KRN} Rc5 29. Nf3 Kf7 30. Kg2 Ke7 31. h4 Rc6 32. Kg3 Kd6 33. Nd2 Ke7 34. Nf3 Kd6 35. Kg4 Rc7 36. Nd2 Ke7 37. Ne4 Rc8 (37... Ra7 $11) 38. h5 (38. Rf7+ $5 Kxf7 39. Nd6+ {[%mdl 64] Double Attack} Ke7 40. Nxc8+ Kd7 41. Na7 $14) 38... gxh5+ 39. Kxh5 Ra8 40. g6 hxg6+ 41. Kxg6 Be5 42. Rf7+ Ke8 43. Rb7 Ra1 44. Nf6+ (44. Kh5 {feels hotter.} Rg1 45. Kh4 Bf4 46. Rxb5 Kd7 47. Rb4) 44... Bxf6 45. Kxf6 $14 {KR-KR} Re1 46. Rxb5 {[#] Threatens to win with Rb4.} Kd7 47. Rb4 e5 {The position is equal.} 48. Kf5 Kd6 49. Rb6+ Kd5 50. Rb5+ Kd6 51. Rb6+ Kd5 52. Rb8 Rf1+ 53. Kg4 Rf7 54. Rd8+ Ke6 55. Re8+ Kd5 56. Rd8+ Ke6 57. Rc8 Kd5 58. Kg3 Rb7 59. b3 Rf7 $1 60. Kg2 (60. Kg4 {is interesting.} Rf4+ 61. Kg5 Kd6 62. b4 Rf1 63. Rd8+) 60... Rf6 61. Rd8+ Ke6 62. Kg1 Rf7 63. Rc8 Kd5 64. Rd8+ (64. b4 {seems wilder.} Rb7 65. Rc5+ Kd6 66. Rc4 Ra7 67. Kf2) 64... Ke6 65. Rg8 Rc7 66. Rg2 Rc3 67. Kf1 e4 $1 68. dxe4 Ke5 69. Ke1 d3 $1 {[%cal Rd3c2]} 70. cxd3 Rxd3 71. Rb2 (71. b4 {seems wilder.} Kxe4 72. Ke2 Rd6 73. Rg1 Rd5 74. Rg2) 71... Kxe4 72. b4 Rd6 73. Re2+ Kd5 74. Rd2+ Kc6 75. Rxd6+ Kxd6 $11 {KP-K} 76. Kd2 Kc6 77. Kc3 Kb5 78. Kb3 (78. Kb2 {is more complex.} Kb6 79. Kc2 Ka6 80. Kd2 Kb7 81. Ke2) 78... Kb6 79. Kc4 Kc6 80. b5+ Kb6 81. Kb4 (81. Kb3 {looks sharper.} Kc7 82. b6+ Kb7 83. Kb4 Kb8 84. Kc4) 81... Kb7 82. Ka5 Ka7 83. Ka4 Kb6 84. Kb4 Kb7 85. Kc5 (85. b6 {seems wilder.} Kb8 86. Kc4 Kb7 87. Kc5 Kb8 88. Kb5) 85... Kc7 86. b6+ Kb7 87. Kb5 Kb8 88. Kc6 {[#] Threatening mate with b7.} Kc8 89. b7+ Kb8 90. Kb6 {Weighted Error Value: White=0.07/Black=0.06} 1/2-1/2

[Event "Blechzin Memorial 2021"]
[Site "St. Petersburg"]
[Date "2021.04.14"]
[Round "6.5"]
[White "Matlakov, Maxim"]
[Black "Goganov, Aleksey"]
[Result "1-0"]
[WhiteElo "2688"]
[BlackElo "2575"]
[Annotator "TA"]
[PlyCount "95"]
[EventDate "2021.04.14"]
[EventType "tourn"]
[EventCountry "RUS"]
[SourceTitle "playchess.com"]
[Source "ChessBase"]
[SourceQuality "1"]

{[%evp 16,95,26,9,16,11,17,19,16,17,25,12,22,16,35,25,22,22,23,18,51,54,53,57,65,52,52,57,51,68,54,67,38,1,21,0,22,0,25,22,64,56,78,39,67,35,35,33,35,52,66,25,56,60,86,86,279,274,250,260,235,245,238,245,262,214,254,241,265,257,507,514,487,383,356,210,409,196,1029,573,993,888]} 1. d4 d5 2. c4 c6 3. Nc3 Nf6 4. cxd5 cxd5 5. Bf4 Nc6 6. e3 Bf5 7. Qb3 Na5 8. Qa4+ Bd7 9. Bb5 Nc6 {D10: Slav Defence: 3 cxd5 (without early Nf3) and 3 Nc3.} 10. Qd1 e6 11. Nf3 Be7 {The position is equal.} 12. h3 O-O 13. Bd3 Rc8 14. O-O {[#]} Na5 $146 ({Predecessor:} 14... Qb6 15. Rb1 Rfd8 16. a3 Na5 17. Qe2 Nc4 18. Bg5 h6 19. Bh4 Qd6 20. Bg3 Qb6 {½-½ (52) Dos Santos,M (2436)-Bochev,K (2415) ICCF email 2016}) 15. Ne5 Be8 16. Rc1 Nd7 17. Nf3 f5 18. Nb5 Rxc1 19. Qxc1 {[#] Strongly threatening Bc7.} Nc6 20. Nd6 Bh5 21. Nxb7 Qb6 22. Nc5 {[%cal Rc5d7]} Bxc5 23. dxc5 Nxc5 24. Bb1 Bxf3 25. gxf3 {Bd6 is the strong threat.} (25. Bd6 {seems wilder.} Rf6 26. gxf3 Nd7 27. f4 d4 28. e4) 25... Ne7 26. b4 Na6 (26... Qxb4 $2 27. Bd6 $18) 27. a3 Rc8 28. Qb2 Ng6 29. Bg3 Nb8 $1 30. h4 $36 {[%mdl 2048] White fights for an advantage.} h5 31. Rc1 Rxc1+ 32. Qxc1 {aiming for Qc8+.} Nc6 33. Bd3 d4 34. f4 Nge7 35. Qc4 Nd5 $2 {[#] Black cannot hold the game after this.} (35... Kf7 $16 {is a better defense.}) 36. e4 $1 $18 {[%cal Re4d5]} fxe4 37. Bxe4 Nce7 38. f5 Kf7 39. Be5 Qc6 40. fxe6+ ({Resist} 40. Qxd4 exf5 41. Bf3 Qe6 $18) 40... Kxe6 41. Qxd4 Qc1+ 42. Kh2 g5 $2 (42... Qxa3 {might work better.} 43. Bg3 Qb3 44. Qe5+ {[%mdl 64] Double Attack} (44. Qxg7 Nf6 $16) (44. Qxa7 Qxb4 45. Bxd5+ Nxd5 $16) 44... Kf7 45. Qxh5+ Kf8 46. Qh8+ Kf7 47. Qh5+ Kf8 48. Qh8+ Kf7 49. Qh5+) 43. Bb8 Nf6 44. Bf3 gxh4 45. b5 ({Weaker is} 45. Qxa7 Ng4+ 46. Bxg4+ hxg4 $16) (45. Qe5+ $142 Kf7 46. Bxh5+ (46. Bd6 Ng6 $16) 46... Nxh5 47. Qxh5+ {[%mdl 64] Double Attack} Ng6 48. Qd5+ Kg7 49. Qd4+ Kg8 50. Qd5+ (50. Bxa7 Qc7+ 51. Kg1 Qc1+ 52. Kg2 Qc6+ 53. f3 h3+ 54. Kg3 h2 $18) 50... Kg7 51. Qd4+ Kg8 52. Qd5+ Kg7) 45... Qc8 $2 (45... Qxa3 {was worth a try.} 46. Qe5+ Kf7 47. Bxh5+ Nxh5) 46. Qxa7 (46. Qe5+ $142 Kf7 47. Bxh5+ Nxh5 48. Qxh5+ {[%mdl 64] Double Attack} Ng6 49. Bxa7 Qc7+ 50. Kg2) 46... Nd7 $2 (46... Ng4+ 47. Kg2 Qg8) 47. Qa6+ Qxa6 48. bxa6 {Weighted Error Value: White=0.33/Black=0.30} 1-0

[Event "Blechzin Memorial 2021"]
[Site "St. Petersburg"]
[Date "2021.04.14"]
[Round "7.1"]
[White "Goganov, Aleksey"]
[Black "Khairullin, Ildar"]
[Result "1/2-1/2"]
[WhiteElo "2575"]
[BlackElo "2615"]
[Annotator "TA"]
[PlyCount "46"]
[EventDate "2021.04.14"]
[EventType "tourn"]
[EventCountry "RUS"]
[SourceTitle "playchess.com"]
[Source "ChessBase"]
[SourceQuality "1"]

{[%evp 12,46,21,19,16,0,14,22,22,4,12,15,16,-6,0,0,10,17,21,0,20,-5,-14,-8,26,14,11,0,0,0,0,-2,0,-13,-18,-17,0]} 1. e4 e5 2. Nf3 Nc6 3. Bc4 Bc5 4. d3 Nf6 5. O-O d6 6. c3 O-O 7. Nbd2 {[%cal Bb1d2,Bd2f1,Bf1g3,Bg3e4][%mdl 32]} a5 {C54: Giuoco Piano: 4 c3 Nf6, main lines with 5 d4 and 5 d3.} 8. h3 Ba7 9. Re1 Ne7 10. Nf1 Ng6 11. Ng3 c6 12. d4 exd4 13. Nxd4 {[#]} d5 $146 ({Predecessor:} 13... Nxe4 14. Nxe4 d5 15. Bd3 Bxd4 16. cxd4 dxe4 17. Bxe4 Be6 18. Bxg6 hxg6 19. Be3 Qd7 {½-½ (28) Andriasian,Z (2585)-Inarkiev,E (2689) Katowice 2017}) 14. exd5 Nxd5 15. Ne4 h6 16. Qh5 Bxd4 17. cxd4 Ndf4 18. Bxf4 Nxf4 {The position is equal.} 19. Qf3 Be6 {Hoping for ...Nxh3+!} 20. Bxe6 Nxe6 21. Rad1 $1 Qb6 22. Qc3 Rad8 {[%cal Re6d4]} 23. Nc5 Nxc5 {Not much happened in this game.  Weighted Error Value: White=0.09/Black=0.05} 1/2-1/2

[Event "Blechzin Memorial 2021"]
[Site "St. Petersburg"]
[Date "2021.04.14"]
[Round "7.3"]
[White "Levin, Evgeny A."]
[Black "Shimanov, Aleksandr"]
[Result "1-0"]
[WhiteElo "2502"]
[BlackElo "2597"]
[Annotator "TA"]
[PlyCount "73"]
[EventDate "2021.04.14"]
[EventType "tourn"]
[EventCountry "RUS"]
[SourceTitle "playchess.com"]
[Source "ChessBase"]
[SourceQuality "1"]

{[%evp 11,73,29,29,29,32,26,35,8,20,13,14,25,21,0,48,20,18,17,18,8,16,6,6,-14,-7,0,0,-16,-29,-48,-11,-10,-10,-12,-4,-8,0,-7,0,0,0,-96,-97,-202,-37,-41,-29,-41,-58,-80,-15,-17,0,0,23,25,26,19,19,19,19,24,277,115]} 1. d4 b6 2. e4 Bb7 3. Bd3 e6 4. Nf3 c5 5. c3 Nf6 6. Qe2 d5 {[%cal Rd5e4]} 7. e5 {B00: Queen's Fianchetto Defence, Nimzowitsch Defence.} Nfd7 8. a3 Be7 9. h4 {[#] White is slightly better.} a5 $146 ({Predecessor:} 9... c4 10. Bc2 h6 11. h5 Nc6 12. O-O Qc7 13. Nh2 O-O-O 14. f4 Kb8 15. Be3 Nf8 {1-0 (45) Hamdouchi,H (2592)-Filipovic,B (2413) Basel 2011}) 10. Bg5 (10. g3 {with more complications.} Nc6 11. a4 cxd4 12. cxd4 Nb4 13. Bb5) 10... Ba6 11. Bxa6 Nxa6 12. Nbd2 c4 13. Nf1 b5 14. Ng3 O-O 15. Qe3 Nc7 16. Bxe7 Qxe7 17. O-O b4 18. axb4 axb4 19. Nh5 Rfb8 20. Qf4 bxc3 21. bxc3 Nb5 22. Qg3 {[%csl Gh5][%cal Rg3g7]} Qf8 23. Nh2 Kh8 24. Ng4 Ra3 25. Rxa3 Nxa3 26. Re1 (26. f4 $11) 26... Rb3 $17 27. Re3 {[#]} (27. Nf4 $17 {was worth a try.}) 27... Nc2 $2 ({Black should try} 27... Nb1 $1 $19 {Threatens to win with ...h6.} 28. Kh2 Nd2) 28. Rf3 $15 Ne1 29. Re3 Nd3 30. Nf4 $1 Nxf4 (30... Nc1 $17) 31. Qxf4 $11 Rb1+ 32. Kh2 h5 {[#]} 33. Nf6 {[%cal Rf6d7]} Nxf6 ({Don't play} 33... gxf6 34. Rg3 $16) 34. exf6 g6 35. g4 hxg4 36. h5 {And now hxg6 would win.} Qg8 {[%mdl 8192] [#]} ({Worse is} 36... gxh5 37. Re5 g3+ 38. fxg3 Qg7 39. fxg7+ {[%mdl 64] Discovered Attack} Kg8 40. Rxh5 f5 41. Qc7 Rb2+ 42. Kh3 Rh2+ 43. Kxh2 f4 44. Rh8#) (36... g5 $11 {and Black is okay.} 37. Qxg5 Kh7) 37. Re5 {Weighted Error Value: White=0.16/Black=0.30} ({And not} 37. Qh6+ Qh7 $11) (37. Rxe6 $3 $18 {[%mdl 512] has better winning chances.} g3+ 38. fxg3) 1-0

[Event "Blechzin Memorial 2021"]
[Site "St. Petersburg"]
[Date "2021.04.14"]
[Round "7.4"]
[White "Yevseev, Denis"]
[Black "Romanov, Evgeny"]
[Result "1/2-1/2"]
[WhiteElo "2474"]
[BlackElo "2599"]
[Annotator "TA"]
[PlyCount "28"]
[EventDate "2021.04.14"]
[EventType "tourn"]
[EventCountry "RUS"]
[SourceTitle "playchess.com"]
[Source "ChessBase"]
[SourceQuality "1"]

{[%evp 14,28,58,54,58,46,62,6,14,14,8,7,15,0,0,-1,0]} 1. d4 Nf6 2. c4 d6 3. Nf3 Bg4 4. Nc3 Bxf3 5. exf3 c6 6. d5 g6 7. Be2 Bg7 8. O-O O-O {A41: 1 d4 d6: Tartakower System and Modern Defence.} 9. f4 cxd5 {[#]} 10. Nxd5 $146 (10. cxd5 $14 Nbd7 11. Be3) ({Predecessor:} 10. cxd5 Nbd7 11. Be3 Nc5 12. Rc1 a6 13. b4 Nfe4 14. Nb1 Nd7 15. Qd3 Nef6 16. Bf3 {½-½ (60) Hernando Rodrigo,J (2389)-Randazzo,A (2266) Barcelona 2016}) 10... Nxd5 {The position is equal.} 11. Qxd5 Nc6 12. Be3 Rc8 13. Qd2 Qa5 14. Rfd1 b6 {Black took control after the opening.  Weighted Error Value: White=0.18/Black=0.07} 1/2-1/2